Sports Quiz

Random Sports or NFL Quiz

Bad Quarterback | Good Team Quiz Stats

 Plays Quiz Updated Jan 2, 2019

Also try: NFL Pre-Favre
Challenge
Share
Tweet
Embed
Score 0/33 Timer 06:00
21 Plays Today
Year Quarterback % Correct
2016Eli Manning
98.3%
2017Cam Newton
97.4%
2018Joe Flacco
96.8%
2009Mark Sanchez
93.9%
2007Eli Manning
91.1%
2005Eli Manning
91%
2014Cam Newton
90.3%
2008Joe Flacco
89.7%
2017Marcus Mariota
88.4%
2014Matthew Stafford
87.7%
2014Andy Dalton
84.7%
2007Vince Young
84.1%
2012Andrew Luck
81%
2008Ben Roethlisberger
79.5%
2008Kerry Collins
76.6%
2006Rex Grossman
75.1%
2004Michael Vick
69.7%
Year Quarterback % Correct
2010Mark Sanchez
69.6%
2011Tim Tebow
63.5%
2010Matt Hasselbeck
62.6%
2016Brock Osweiler
60%
2005Kyle Orton
53.2%
2001Vinny Testaverde
45.4%
2012Christian Ponder
45.2%
2002Tim Couch
35.4%
2003Kyle Boller
35.2%
2003Quincy Carter
29.5%
2000Jay Fiedler
20.2%
2000Shaun King
18.3%
2008Gus Frerotte
17.9%
2001Elvis Grbac
17.9%
2000Tony Banks
15.5%
2001Jim Miller
14.4%

You're not logged in!

Compare scores with friends on all Sporcle quizzes.
OR
Log In

You Might Also Like...

Show Comments

Extras

Top Quizzes Today


Score Distribution

Your Account Isn't Verified!

In order to create a playlist on Sporcle, you need to verify the email address you used during registration. Go to your Sporcle Settings to finish the process.

Report this User

Report this user for behavior that violates our Community Guidelines.

Details: